Southville International School and Colleges
Your cart is empty.
  • Cart
  • Lists
    Public lists Eva Luna New books Lux_list list_1
    Your lists Log in to create your own lists
  • Log in to your account
  • Your cookies
  • Search history
Southville International School and Colleges
  • Advanced search
  • Recent comments
  • Most popular
  • Libraries

Log in to your account

Log in with GOOGLE


If you do not have an external account, but do have a local account, you can still log in:

  1. Home
  2. MARC view: Tourism management:
Normal view MARC view ISBD view

Tourism management: (Record no. 20734)

[ view plain ]
MARC details
000 -LEADER
fixed length control field 00485nam a2200181 a 4500
005 - DATE AND TIME OF LATEST TRANSACTION
control field 20140310183248.0
008 - FIXED-LENGTH DATA ELEMENTS--GENERAL INFORMATION
fixed length control field 040921s19uu xx 00 eng d
020 ## - INTERNATIONAL STANDARD BOOK NUMBER
International Standard Book Number 0-7506-5752-9
050 ## - LIBRARY OF CONGRESS CALL NUMBER
Classification number G 155.A1
Item number .P258 2003
100 ## - MAIN ENTRY--PERSONAL NAME
Personal name Page, Stephen J.
245 ## - TITLE STATEMENT
Title Tourism management:
Remainder of title managing for change.
260 ## - PUBLICATION, DISTRIBUTION, ETC. (IMPRINT)
Place of publication, distribution, etc Amsterdam :
Name of publisher, distributor, etc Butterworth Heinemann,
Date of publication, distribution, etc 2003.
300 ## - PHYSICAL DESCRIPTION
Extent 381 p. :
Dimensions 23 cm.
521 ## - TARGET AUDIENCE NOTE
Target audience note
650 ## - SUBJECT ADDED ENTRY--TOPICAL TERM
Topical term or geographic name as entry element Tourism.
942 ## - ADDED ENTRY ELEMENTS (KOHA)
Koha item type Books
Source of classification or shelving scheme Library of Congress Classification
Call number prefix Foreign
Holdings
Withdrawn status Lost status Source of classification or shelving scheme Damaged status Home library Current library Shelving location Date acquired Total Checkouts Full call number Barcode Date last seen Copy number Price effective from Koha item type
    Library of Congress Classification   College Library College Library General Circulation Section 07/21/2010   G 155.A1 .P258 2003 C5293 05/15/2018 1 03/10/2014 Books

Tourism management:

APA

Page S. J., . (2003). Tourism management. Amsterdam: Butterworth Heinemann.

Chicago

Page Stephen J, . 2003. Tourism management. Amsterdam: Butterworth Heinemann.

Harvard

Page S. J., . (2003). Tourism management. Amsterdam: Butterworth Heinemann.

MLA

Page Stephen J, . Tourism management. Amsterdam: Butterworth Heinemann. 2003.

  • Place hold
  • Print
  • Cite
  • Add to your cart (remove)
  • Save record
    BIBTEX Dublin Core MARCXML MARC (non-Unicode/MARC-8) MARC (Unicode/UTF-8) MARC (Unicode/UTF-8, Standard) MODS (XML) RIS
  • More searches
    Search for this title in:
    Other Libraries (WorldCat) Other Databases (Google Scholar) Online Stores (Bookfinder.com) Open Library (openlibrary.org)

Exporting to Dublin Core...

SOUTHVILLE LIBRARY

Southville International School and Colleges Library

1281 Tropical Ave. Cor. Luxembourg St., BF Homes International, Las Pinas City

Tel. No. 8256374 / 252358 Loc. 117/146

Powered by Koha